00648nam a22002057a 450000500170000001000130001702000220003003500130005203700160006504000120008108200170009310000200011024500860013026000340021627000430025030000210029350000500031465000410036465000370040520170124110016.0 aA-740160 c00.00a818620802X aA-740160 bCen Lib/Ret aDPLbEN a301.155bTEW aTewari, Jyotsna aSabarmati to dandi :cby Jyotsna TewaribGandhi's non-violent march and the raj / aDelhibRaj Publicationsc1995 bDelhiaR-115/2, Model Town IIIe110009 a187p. c20cm(Hb) aIncludes bibliographical references and index aNon-cooperation movement, 1920-1922. aGandhi, -- Mahatma, -- 1869-1948